000 00977na a2200325 4500
001 24184
003 MIRAKIL
005 20181226104236.0
008 181005b tu 000 0
020 _a9786056163029
035 _a14683
041 _atur
082 _a324.9
_bT85b 2012
090 _a324.9 T85b 2012
100 _aTuncer, Erol
245 _a1957 seçimleri
_cErol Tuncer
260 _aAnkara
_bTESAV
_c2012
300 _axviii, 440 s.
_bgrf., hrt., tbl.
_c27 sm.
490 _aTESAV yayınları
_v38
504 _aKaynakça var.
650 _aSiyasal tarih
_y1954-1957
_zTürkiye
650 _aSiyasal partiler
_x1954-1957
_zTürkiye
650 _aHükümetler
_x1954-1957
_zTürkiye
650 _aTBMM
_x11. Dönem
_y1957-1961
650 _aSeçimler
_xİstatistikler
_zTürkiye
651 _aTürkiye
_xSeçimler
_yGenel seçimler, 1957
651 _aTürkiye
_xSiyaset ve yönetim
_y1954-1957
942 _2ddc
_cBKS
040 _aMilas
_btur
_cTR-AnCHP
999 _c11870
_d11870